BIBLIOTECA

SENCICO

Gas : Supuestos prácticos para la obtención del Carnet Profesional de Instalador Autorizado de Gas IG-II (Registro nro. 926)

Detalles MARC
000 -LEADER
fixed length control field 00561nam a2200217Ia 4500
005 - DATE AND TIME OF LATEST TRANSACTION
control field 20251020182453.0
008 - FIXED-LENGTH DATA ELEMENTS--GENERAL INFORMATION
fixed length control field 200515s9999 xx 000 0 und d
020 ## - INTERNATIONAL STANDARD BOOK NUMBER
International Standard Book Number 84-283-2431-X
082 ## - DEWEY DECIMAL CLASSIFICATION NUMBER
Classification number 621.778/M57
100 ## - MAIN ENTRY--PERSONAL NAME
Personal name Milán Díaz, César
245 #0 - TITLE STATEMENT
Title Gas : Supuestos prácticos para la obtención del Carnet Profesional de Instalador Autorizado de Gas IG-II
260 ## - PUBLICATION, DISTRIBUTION, ETC.
Place of publication, distribution, etc. Madrid
260 ## - PUBLICATION, DISTRIBUTION, ETC.
Name of publisher, distributor, etc. Paraninfo
260 ## - PUBLICATION, DISTRIBUTION, ETC.
Date of publication, distribution, etc. 1988
300 ## - PHYSICAL DESCRIPTION
Extent 200 p.
300 ## - PHYSICAL DESCRIPTION
Other physical details tbl., graf.
500 ## - GENERAL NOTE
General note 1 ejemplar
650 ## - SUBJECT ADDED ENTRY--TOPICAL TERM
Topical term or geographic name entry element GAS
942 ## - ADDED ENTRY ELEMENTS (KOHA)
Koha item type Libros
Existencias
Fecha de la última vez que lo usaron Pago total Signatura topográfica completa Código de barras Precio efectivo desde Tipo de documento Estado perdido Estado dañado No es para préstamo Retirado Ubicación permanente Ubicación actual Fecha de adquisición
15/05/2020   621.778/M57 Bib-Lima15050926 15/05/2020 Libros         Biblioteca Central Lima Biblioteca Central Lima 15/05/2020